[Event "Sherbrooke Perpetuelles 1-6"]
[Site "Sherbrooke CAN"]
[Date "2004.10.15"]
[Round "5"]
[White "Belzil, Julien"]
[Black "Robitaille, Michael"]
[Result "1-0"]
[WhiteElo "1327"]
[BlackElo "976"]
[PlyCount "80"]
[GameId "2160767911217427"]
[EventDate "2004.??.??"]
[EventType "swiss"]
[EventRounds "6"]
[EventCountry "CAN"]
[SourceTitle "EXT 2006"]
[Source "ChessBase"]
[SourceDate "2005.11.24"]
[SourceVersion "1"]
[SourceVersionDate "2005.11.24"]
[SourceQuality "1"]

1. c4 c5 2. e4 Qc7 3. Nf3 d6 4. Nc3 Be6 5. d3 g6 6. Be2 Bg7 7. Qc2 Nd7 8. O-O Ngf6 9. Nb5 Qb6 10. Ng5 a6 11. Nxe6 fxe6 12. Nc3 e5 13. Bg5 Qc7 14. Qa4 O-O 15. Nd5 Nxd5 16. exd5 Bf6 17. Bh6 Rfd8 18. Bg4 Nb6 19. Be6+ Kh8 20. Qd1 Bg7 21. Bxg7+ Kxg7 22. Qf3 Rf8 23. Qg3 Rf6 24. f4 e4 25. f5 exd3 26. Qxd3 Raf8 27. b3 Nd7 28. Rae1 Ne5 29. Qg3 b6 30. Re4 a5 31. Rh4 Rh8 32. Qg5 h6 33. Qg3 g5 34. Rh5 Qd8 35. Qe3 Qe8 36. Qe2 g4 37. Rh4 h5 38. Qe3 Nf7 39. Bxf7 Qxf7 40. Qg5+ Kh7 1-0

[Event "Sherbrooke Perpetuelles 1-6"]
[Site "Sherbrooke CAN"]
[Date "2004.10.15"]
[Round "5"]
[White "Benoit, Andre"]
[Black "Vincent, Pascal"]
[Result "1-0"]
[WhiteElo "1384"]
[BlackElo "1316"]
[PlyCount "77"]
[GameId "2160767911217428"]
[EventDate "2004.??.??"]
[EventType "swiss"]
[EventRounds "6"]
[EventCountry "CAN"]
[SourceTitle "EXT 2006"]
[Source "ChessBase"]
[SourceDate "2005.11.24"]
[SourceVersion "1"]
[SourceVersionDate "2005.11.24"]
[SourceQuality "1"]

1. e4 g6 2. d4 d6 3. Bc4 Nc6 4. b3 Bg7 5. Bb2 Nf6 6. Nd2 e5 7. d5 Nd4 8. c3 Nf5 9. Bb5+ Bd7 10. Bxd7+ Qxd7 11. exf5 Qxf5 12. c4 O-O 13. Ne2 Rae8 14. O-O Ng4 15. Ng3 Qf4 16. Bc1 Qd4 17. Rb1 f5 18. Bb2 Qf4 19. Nf3 Qh6 20. h3 Nf6 21. Nd2 e4 22. Bc1 Qh4 23. Kh1 Ng4 24. Qe1 Bd4 25. f3 exf3 26. Nxf3 Qxh3+ 27. gxh3 Rxe1 28. Rxe1 Nf2+ 29. Kg2 Nd3 30. Re7 Bb6 31. Bh6 f4 32. Rg7+ Kh8 33. Ng5 fxg3 34. Nf7+ Rxf7 35. Rxf7 Nf4+ 36. Kxg3 Nh5+ 37. Kg4 Nf6+ 38. Rxf6 Kg8 39. Rf8# 1-0

[Event "Sherbrooke Perpetuelles 1-6"]
[Site "Sherbrooke CAN"]
[Date "2004.10.15"]
[Round "5"]
[White "Jolin, Fernand"]
[Black "Germain, Benoit"]
[Result "0-1"]
[WhiteElo "1441"]
[BlackElo "1539"]
[PlyCount "66"]
[GameId "2160767911217429"]
[EventDate "2004.??.??"]
[EventType "swiss"]
[EventRounds "6"]
[EventCountry "CAN"]
[SourceTitle "EXT 2006"]
[Source "ChessBase"]
[SourceDate "2005.11.24"]
[SourceVersion "1"]
[SourceVersionDate "2005.11.24"]
[SourceQuality "1"]

1. Nf3 d5 2. d4 Nf6 3. g3 e6 4. Bg2 Bd6 5. Bg5 Nbd7 6. Nbd2 c6 7. O-O O-O 8. c4 b6 9. Bxf6 Nxf6 10. b3 Bb7 11. cxd5 cxd5 12. a3 a5 13. Ne1 Qe7 14. Nc2 Rac8 15. Qb1 Ba6 16. Re1 Qc7 17. Ra2 Qc3 18. Nf3 Ne4 19. Qb2 Rfd8 20. Bf1 f6 21. Rd1 Qc7 22. Rc1 Nc3 23. Raa1 Bxe2 24. Ne3 Bxf3 25. Ba6 e5 26. Bxc8 Rxc8 27. Kf1 exd4 28. Nf5 Be5 29. b4 Qc4+ 30. Ke1 Re8 31. Ne3 dxe3 32. fxe3 Bd4 33. Rxc3 Bxc3+ 0-1

[Event "Sherbrooke Perpetuelles 1-6"]
[Site "Sherbrooke CAN"]
[Date "2004.10.15"]
[Round "5"]
[White "Saziouk, Alexandre"]
[Black "Mercier, Andre"]
[Result "1-0"]
[WhiteElo "1749"]
[BlackElo "1742"]
[PlyCount "90"]
[GameId "2160767911217431"]
[EventDate "2004.??.??"]
[EventType "swiss"]
[EventRounds "6"]
[EventCountry "CAN"]
[SourceTitle "EXT 2006"]
[Source "ChessBase"]
[SourceDate "2005.11.24"]
[SourceVersion "1"]
[SourceVersionDate "2005.11.24"]
[SourceQuality "1"]

1. d4 d5 2. c4 e6 3. Nc3 Nf6 4. e3 Be7 5. Bd3 dxc4 6. Bxc4 Nbd7 7. Nf3 O-O 8. O-O c5 9. Qe2 a6 10. a4 b6 11. Rd1 Qc7 12. d5 exd5 13. Nxd5 Nxd5 14. Bxd5 Ra7 15. b3 Nf6 16. Bc4 Bb7 17. Bb2 Ng4 18. Bd5 Bc8 19. h3 Nf6 20. Be5 Qd8 21. Bxf7+ Rxf7 22. Rxd8+ Bxd8 23. Rd1 Rad7 24. Rxd7 Nxd7 25. Qc4 Nf8 26. Bb2 a5 27. Qd5 Ne6 28. Ne5 Rc7 29. f4 g6 30. g4 c4 31. bxc4 Rc5 32. Qd3 Bf6 33. Nd7 Bxb2 34. Nxc5 bxc5 35. f5 gxf5 36. gxf5 Nf8 37. Qd5+ Kg7 38. Qxc5 Bd7 39. Qxa5 h5 40. Qc7 h4 41. a5 Kg8 42. e4 Bd4+ 43. Kg2 Ba4 44. c5 Bc2 45. Qc6 Nh7 1-0

[Event "Sherbrooke Perpetuelles 1-6"]
[Site "Sherbrooke CAN"]
[Date "2004.10.15"]
[Round "5"]
[White "Viens, Nicolas"]
[Black "Germain, Emile"]
[Result "0-1"]
[WhiteElo "1340"]
[BlackElo "1517"]
[PlyCount "76"]
[GameId "2160767911217432"]
[EventDate "2004.??.??"]
[EventType "swiss"]
[EventRounds "6"]
[EventCountry "CAN"]
[SourceTitle "EXT 2006"]
[Source "ChessBase"]
[SourceDate "2005.11.24"]
[SourceVersion "1"]
[SourceVersionDate "2005.11.24"]
[SourceQuality "1"]

1. Nf3 Nf6 2. d4 d5 3. Nc3 e6 4. e3 Bb4 5. Bd3 c5 6. dxc5 Qa5 7. Bd2 Qxc5 8. a3 Bxc3 9. Bxc3 Nc6 10. b4 Qxc3+ 11. Nd2 Ne5 12. O-O Nxd3 13. cxd3 Qxd3 14. Ra2 O-O 15. Qf3 e5 16. Qg3 Qf5 17. f4 e4 18. Nb3 Ng4 19. Nd4 Qf6 20. Rc1 h5 21. Rc7 h4 22. Qe1 Qb6 23. Rac2 Qg6 24. Re7 h3 25. g3 b6 26. Rc6 f6 27. Rcc7 Kh8 28. Qe2 f5 29. Qf1 Rg8 30. Rc6 Qh7 31. Nb5 Ba6 32. a4 Bxb5 33. axb5 Nxe3 34. Qa1 Qh5 35. Qb2 Qd1+ 36. Kf2 Qf3+ 37. Ke1 Qd1+ 38. Kf2 Ng4# 0-1

[Event "Sherbrooke Perpetuelles 1-6"]
[Site "Sherbrooke CAN"]
[Date "2004.10.22"]
[Round "6"]
[White "Courteau, Bernard"]
[Black "Saziouk, Alexandre"]
[Result "0-1"]
[WhiteElo "1574"]
[BlackElo "1749"]
[PlyCount "54"]
[GameId "2160767911217433"]
[EventDate "2004.??.??"]
[EventType "swiss"]
[EventRounds "6"]
[EventCountry "CAN"]
[SourceTitle "EXT 2006"]
[Source "ChessBase"]
[SourceDate "2005.11.24"]
[SourceVersion "1"]
[SourceVersionDate "2005.11.24"]
[SourceQuality "1"]

1. e4 c5 2. Nf3 e6 3. Nc3 Nc6 4. d4 cxd4 5. Nxd4 a6 6. f4 Bb4 7. Be2 Nf6 8. Bf3 d5 9. e5 Bxc3+ 10. bxc3 Nd7 11. Nxc6 bxc6 12. c4 O-O 13. Ba3 Qa5+ 14. Qd2 Qxa3 15. O-O Qc5+ 16. Kh1 Qxc4 17. Be2 Qc5 18. Rf3 Bb7 19. Bd3 g6 20. f5 exf5 21. Qh6 Qe7 22. Rh3 f6 23. e6 Ne5 24. Bxf5 Qg7 25. e7 Qxh6 26. Be6+ Kg7 27. exf8=Q+ Rxf8 0-1

[Event "Sherbrooke Perpetuelles 1-6"]
[Site "Sherbrooke CAN"]
[Date "2004.10.22"]
[Round "6"]
[White "Germain, Benoit"]
[Black "Mercier, Andre"]
[Result "1/2-1/2"]
[WhiteElo "1539"]
[BlackElo "1742"]
[PlyCount "111"]
[GameId "2160767911217434"]
[EventDate "2004.??.??"]
[EventType "swiss"]
[EventRounds "6"]
[EventCountry "CAN"]
[SourceTitle "EXT 2006"]
[Source "ChessBase"]
[SourceDate "2005.11.24"]
[SourceVersion "1"]
[SourceVersionDate "2005.11.24"]
[SourceQuality "1"]

1. e4 d5 2. exd5 Qxd5 3. Nc3 Qa5 4. d4 Nf6 5. Nf3 Bf5 6. Bd3 e6 7. O-O Be7 8. Ne5 Bxd3 9. Qxd3 c6 10. Nc4 Qc7 11. Qf3 O-O 12. Bf4 Qd8 13. Rad1 Nbd7 14. a4 Nb6 15. Ne5 Bb4 16. b3 Nbd5 17. Nxd5 cxd5 18. c4 Ne4 19. c5 Nc3 20. Rc1 Qf6 21. Nd7 Qxf4 22. Rxc3 Qxf3 23. Rxf3 Rfe8 24. Rg3 Kh8 25. Ne5 f6 26. Nf7+ Kg8 27. Nd6 Re7 28. Re3 Kf8 29. Nb5 a6 30. Nc3 Rd8 31. f4 Rc8 32. Na2 a5 33. Nxb4 axb4 34. Rfe1 Kf7 35. f5 e5 36. dxe5 Rxe5 37. Rxe5 fxe5 38. Rxe5 Rxc5 39. g4 h6 40. h4 Rc3 41. Rxd5 Rxb3 42. Rd7+ Kf6 43. Kf2 Ra3 44. Rxb7 Rxa4 45. Ke3 b3 46. Kf3 Ra3 47. Rb6+ Ke5 48. Ke2 Kd4 49. g5 hxg5 50. hxg5 Ra2+ 51. Kf3 b2 52. f6 gxf6 53. gxf6 Kc5 54. Rb8 Ra3+ 55. Ke2 Ra2 56. Kd3 1/2-1/2

[Event "Sherbrooke Perpetuelles 1-6"]
[Site "Sherbrooke CAN"]
[Date "2004.10.22"]
[Round "6"]
[White "Germain, Emile"]
[Black "Belzil, Julien"]
[Result "1-0"]
[WhiteElo "1517"]
[BlackElo "1327"]
[PlyCount "39"]
[GameId "2160767911217435"]
[EventDate "2004.??.??"]
[EventType "swiss"]
[EventRounds "6"]
[EventCountry "CAN"]
[SourceTitle "EXT 2006"]
[Source "ChessBase"]
[SourceDate "2005.11.24"]
[SourceVersion "1"]
[SourceVersionDate "2005.11.24"]
[SourceQuality "1"]

1. e4 e5 2. Nf3 Nc6 3. Bc4 h6 4. d4 exd4 5. Nxd4 Ne5 6. Bb3 c5 7. Nf3 Qf6 8. Nxe5 Qxe5 9. Qf3 Nf6 10. Nc3 Bd6 11. g3 O-O 12. Bf4 Qd4 13. Rd1 Qb4 14. Bxd6 Re8 15. O-O b6 16. e5 Ba6 17. Rfe1 Bc4 18. a3 Bd5 19. Nxd5 Qg4 20. Nxf6+ 1-0

[Event "Sherbrooke Perpetuelles 1-6"]
[Site "Sherbrooke CAN"]
[Date "2004.10.22"]
[Round "6"]
[White "Lopez, Jose"]
[Black "Ouellet-Lahaie, Didier"]
[Result "1-0"]
[WhiteElo "1802"]
[BlackElo "1667"]
[PlyCount "53"]
[GameId "2160767911217436"]
[EventDate "2004.??.??"]
[EventType "swiss"]
[EventRounds "6"]
[EventCountry "CAN"]
[SourceTitle "EXT 2006"]
[Source "ChessBase"]
[SourceDate "2005.11.24"]
[SourceVersion "1"]
[SourceVersionDate "2005.11.24"]
[SourceQuality "1"]

1. e4 e5 2. d4 exd4 3. Qxd4 Nc6 4. Qe3 Nf6 5. Nc3 Bb4 6. Bd2 O-O 7. O-O-O d6 8. Qg3 Ne5 9. f3 Nh5 10. Qe1 g6 11. g4 Ng7 12. h4 f6 13. h5 g5 14. f4 gxf4 15. Bxf4 Nf7 16. Qg3 Ne6 17. Nd5 Bc5 18. Nf3 Nxf4 19. Qxf4 Ne5 20. Nh4 c6 21. Ne3 Be6 22. Nef5 Qa5 23. a3 Qb6 24. g5 Kh8 25. Ng6+ Nxg6 26. hxg6 Bxf5 27. Rxh7+ 1-0

[Event "Sherbrooke Perpetuelles 1-6"]
[Site "Sherbrooke CAN"]
[Date "2004.10.22"]
[Round "6"]
[White "Viens, Nicolas"]
[Black "Jolin, Fernand"]
[Result "1-0"]
[WhiteElo "1340"]
[BlackElo "1441"]
[PlyCount "120"]
[GameId "2160767911217438"]
[EventDate "2004.??.??"]
[EventType "swiss"]
[EventRounds "6"]
[EventCountry "CAN"]
[SourceTitle "EXT 2006"]
[Source "ChessBase"]
[SourceDate "2005.11.24"]
[SourceVersion "1"]
[SourceVersionDate "2005.11.24"]
[SourceQuality "1"]

1. c4 Nf6 2. Nc3 g6 3. d4 Bg7 4. e3 O-O 5. Nf3 d5 6. Be2 dxc4 7. Bxc4 e6 8. O-O c6 9. Qb3 b5 10. Be2 Nd5 11. Bd2 Nxc3 12. Bxc3 a5 13. a3 a4 14. Qc2 Nd7 15. Rad1 Nf6 16. Bb4 Re8 17. Ne5 Bd7 18. Nxc6 Bxc6 19. Qxc6 Rc8 20. Qxb5 Rc2 21. Bd3 Rxb2 22. Qxa4 Qd5 23. Rb1 Ra8 24. Qd1 Rxb1 25. Qxb1 Rb8 26. Qc2 Qd7 27. Rc1 Nd5 28. Bd2 Qa7 29. Qc5 Qxc5 30. Rxc5 Rb3 31. Bf1 Rxa3 32. e4 Ne7 33. Rc7 Bf6 34. Bb4 Ra4 35. Bxe7 Bxd4 36. Rc4 Ra7 37. Rxd4 Rxe7 38. g3 e5 39. Rd5 f6 40. Bc4 Kg7 41. Rd8 Kh6 42. Rf8 Rc7 43. Bd5 Kg7 44. Rg8+ Kh6 45. Kg2 Rc5 46. g4 Kg5 47. Kg3 Rc3+ 48. f3 Rd3 49. Rg7 Kh6 50. Rf7 Rd1 51. Rxf6 Kg5 52. Rf7 Rg1+ 53. Kf2 Rc1 54. Rxh7 Kf4 55. Rf7+ Kg5 56. Ke3 Rh1 57. Re7 Kf6 58. Re6+ Kg7 59. g5 Rxh2 60. Rxe5 Rh5 1-0

[Event "Sherbrooke Perpetuelles 31-35"]
[Site "Sherbrooke CAN"]
[Date "2004.01.23"]
[Round "1"]
[White "Belanger, Jean Sebastien"]
[Black "Vincent, Pascal"]
[Result "1-0"]
[WhiteElo "1437"]
[BlackElo "1218"]
[PlyCount "81"]
[GameId "2160767911217354"]
[EventDate "2004.01.??"]
[EventType "swiss"]
[EventRounds "5"]
[EventCountry "CAN"]
[SourceTitle "EXT 2005"]
[Source "ChessBase"]
[SourceDate "2004.11.15"]
[SourceVersion "1"]
[SourceVersionDate "2004.11.15"]
[SourceQuality "1"]

1. e4 e5 2. Bc4 Nc6 3. Nf3 Bc5 4. Qe2 d6 5. d3 Nd4 6. Nxd4 Bxd4 7. c3 Bb6 8. a4 a5 9. Be3 Bxe3 10. fxe3 Qh4+ 11. g3 Qh3 12. Nd2 Nf6 13. Nf3 h6 14. b4 O-O 15. Ng1 Qg4 16. Qxg4 Nxg4 17. Ke2 Bd7 18. h3 Nf6 19. b5 Nh5 20. Kf2 Kh8 21. g4 f5 22. gxh5 fxe4+ 23. Kg3 exd3 24. Bxd3 Bf5 25. e4 Bd7 26. Nf3 Rf6 27. Rhf1 c6 28. Nh4 d5 29. exd5 Re8 30. Rxf6 gxf6 31. dxc6 bxc6 32. bxc6 Bxc6 33. Bb5 Re6 34. Rd1 e4 35. Rd8+ Kh7 36. Ng6 Kg7 37. Nf4 Re8 38. Rxe8 Bxe8 39. Bxe8 f5 40. c4 Kf8 41. Bg6 1-0

[Event "Sherbrooke Perpetuelles 31-35"]
[Site "Sherbrooke CAN"]
[Date "2004.01.23"]
[Round "1"]
[White "Duclos, Alain"]
[Black "Ouellet-Lahaie, Didier"]
[Result "1-0"]
[WhiteElo "1615"]
[BlackElo "1521"]
[PlyCount "51"]
[GameId "2160767911217356"]
[EventDate "2004.01.??"]
[EventType "swiss"]
[EventRounds "5"]
[EventCountry "CAN"]
[SourceTitle "EXT 2005"]
[Source "ChessBase"]
[SourceDate "2004.11.15"]
[SourceVersion "1"]
[SourceVersionDate "2004.11.15"]
[SourceQuality "1"]

1. e4 e5 2. Nf3 Nc6 3. Bb5 a6 4. Ba4 b5 5. Bb3 Nf6 6. O-O Nxe4 7. d4 d5 8. dxe5 Be6 9. Qe2 Be7 10. Rd1 O-O 11. c4 bxc4 12. Bxc4 a5 13. Bb5 Na7 14. Bd3 Nc5 15. Bc2 Bg4 16. Nbd2 Qd7 17. Nf1 d4 18. h3 Bh5 19. Ng3 Bxf3 20. Qxf3 Rfe8 21. Nf5 Ne6 22. Qg4 Rad8 23. Rxd4 Qb5 24. Nxe7+ Rxe7 25. Rxd8+ Nxd8 26. Qh4 1-0

[Event "Sherbrooke Perpetuelles 31-35"]
[Site "Sherbrooke CAN"]
[Date "2004.01.23"]
[Round "1"]
[White "Lopez, Jose"]
[Black "Saziouk, Alexandre"]
[Result "0-1"]
[WhiteElo "1786"]
[BlackElo "1745"]
[PlyCount "36"]
[GameId "2160767911217359"]
[EventDate "2004.01.??"]
[EventType "swiss"]
[EventRounds "5"]
[EventCountry "CAN"]
[SourceTitle "EXT 2005"]
[Source "ChessBase"]
[SourceDate "2004.11.15"]
[SourceVersion "1"]
[SourceVersionDate "2004.11.15"]
[SourceQuality "1"]

1. e4 c5 2. Nf3 Nf6 3. Nc3 d6 4. d4 cxd4 5. Nxd4 g6 6. Be3 Nc6 7. f3 Bg7 8. Qd2 a6 9. Bc4 O-O 10. O-O-O Ne5 11. Bb3 b5 12. h4 h5 13. Bh6 Nc4 14. Qg5 Nh7 15. Nc6 Nxg5 16. Nxd8 Bxh6 17. Nc6 Nxe4+ 18. Kb1 Nf2 0-1

[Event "Sherbrooke Perpetuelles 31-35"]
[Site "Sherbrooke CAN"]
[Date "2004.01.30"]
[Round "2"]
[White "Lopez, Jose"]
[Black "Duclos, Alain"]
[Result "0-1"]
[WhiteElo "1786"]
[BlackElo "1615"]
[PlyCount "58"]
[GameId "2160767911217364"]
[EventDate "2004.01.??"]
[EventType "swiss"]
[EventRounds "5"]
[EventCountry "CAN"]
[SourceTitle "EXT 2005"]
[Source "ChessBase"]
[SourceDate "2004.11.15"]
[SourceVersion "1"]
[SourceVersionDate "2004.11.15"]
[SourceQuality "1"]

1. e4 c5 2. Nf3 d6 3. d4 cxd4 4. Nxd4 Nf6 5. Nc3 Nc6 6. Bc4 Qb6 7. Nxc6 bxc6 8. O-O g6 9. Kh1 Bg7 10. Qe2 O-O 11. f3 Bb7 12. Be3 Qc7 13. Qf2 d5 14. Bb3 Ba6 15. Rfd1 e6 16. Bc5 Rfe8 17. Qh4 Nd7 18. Bf2 Qa5 19. exd5 cxd5 20. Qh3 Ne5 21. Bd4 Rec8 22. f4 Nc4 23. Bxg7 Kxg7 24. f5 Qc5 25. f6+ Kh8 26. Rd3 Nd6 27. Rxd5 exd5 28. Nxd5 Nf5 29. Nf4 Qe3 0-1

[Event "Sherbrooke Perpetuelles 31-35"]
[Site "Sherbrooke CAN"]
[Date "2004.01.30"]
[Round "2"]
[White "Ouellet-Lahaie, Didier"]
[Black "Jolin, Fernand"]
[Result "1-0"]
[WhiteElo "1521"]
[BlackElo "1300"]
[PlyCount "59"]
[GameId "2160767911217365"]
[EventDate "2004.01.??"]
[EventType "swiss"]
[EventRounds "5"]
[EventCountry "CAN"]
[SourceTitle "EXT 2005"]
[Source "ChessBase"]
[SourceDate "2004.11.15"]
[SourceVersion "1"]
[SourceVersionDate "2004.11.15"]
[SourceQuality "1"]

1. e4 e5 2. Nf3 Nc6 3. Bb5 Nd4 4. Nxd4 exd4 5. d3 c6 6. Bc4 b5 7. Bb3 a5 8. a3 a4 9. Ba2 g6 10. O-O Bg7 11. f4 d6 12. Nd2 Nf6 13. Nf3 Bg4 14. Bd2 c5 15. e5 dxe5 16. fxe5 Nd5 17. Qe1 Bxf3 18. Rxf3 O-O 19. Qe4 Ne7 20. Bg5 Qe8 21. Bxe7 Qxe7 22. Bxf7+ Kh8 23. e6 c4 24. Re1 c3 25. bxc3 dxc3 26. Rh3 Qc5+ 27. Kh1 Ra7 28. Qxg6 Bh6 29. Qxh6 Rfxf7 30. exf7 1-0

[Event "Sherbrooke Perpetuelles 31-35"]
[Site "Sherbrooke CAN"]
[Date "2004.02.06"]
[Round "3"]
[White "Duclos, Alain"]
[Black "Courteau, Bernard"]
[Result "1-0"]
[WhiteElo "1615"]
[BlackElo "1638"]
[PlyCount "63"]
[GameId "2160767911217369"]
[EventDate "2004.01.??"]
[EventType "swiss"]
[EventRounds "5"]
[EventCountry "CAN"]
[SourceTitle "EXT 2005"]
[Source "ChessBase"]
[SourceDate "2004.11.15"]
[SourceVersion "1"]
[SourceVersionDate "2004.11.15"]
[SourceQuality "1"]

1. e4 c5 2. Nf3 d6 3. d4 cxd4 4. Nxd4 Nf6 5. Nc3 a6 6. Be3 e6 7. Be2 Be7 8. f4 Qc7 9. O-O O-O 10. Qe1 Re8 11. Qg3 e5 12. fxe5 dxe5 13. Kh1 Kh8 14. Bg5 b5 15. Rad1 Bd8 16. Nf5 Bxf5 17. Rxf5 Nbd7 18. a3 Rc8 19. Rdf1 Qc6 20. Qh4 Re6 21. R5f3 Nf8 22. Rh3 Ng6 23. Qf2 Bb6 24. Qf3 Rd8 25. Nd5 Rdd6 26. Bxf6 Rxf6 27. Nxf6 Rxf6 28. Qh5 Rxf1+ 29. Bxf1 Nf8 30. Rc3 Qf6 31. Rf3 Qd6 32. Qxf7 1-0

[Event "Sherbrooke Perpetuelles 31-35"]
[Site "Sherbrooke CAN"]
[Date "2004.02.06"]
[Round "3"]
[White "Labranche, Francois"]
[Black "Ouellet-Lahaie, Didier"]
[Result "0-1"]
[WhiteElo "669"]
[BlackElo "1521"]
[PlyCount "52"]
[GameId "2160767911217370"]
[EventDate "2004.01.??"]
[EventType "swiss"]
[EventRounds "5"]
[EventCountry "CAN"]
[SourceTitle "EXT 2005"]
[Source "ChessBase"]
[SourceDate "2004.11.15"]
[SourceVersion "1"]
[SourceVersionDate "2004.11.15"]
[SourceQuality "1"]

1. e4 e5 2. f3 Nc6 3. Bc4 Nf6 4. d3 d5 5. exd5 Nxd5 6. g3 Bc5 7. Bxd5 Qxd5 8. Nc3 Qe6 9. Qe2 Nd4 10. Qf2 Nb3 11. Be3 Bxe3 12. Qxe3 Nxa1 13. Qc1 Nxc2+ 14. Qxc2 Bd7 15. b3 Bc6 16. Ne4 O-O 17. Ne2 f5 18. Ng5 Qe7 19. Qc4+ Kh8 20. h4 Rae8 21. O-O h6 22. Nh3 f4 23. Re1 fxg3 24. Nxg3 Rxf3 25. Qg4 Qc5+ 26. Nf2 Qxf2+ 0-1

[Event "Sherbrooke Perpetuelles 31-35"]
[Site "Sherbrooke CAN"]
[Date "2004.02.13"]
[Round "4"]
[White "Jolin, Fernand"]
[Black "Labranche, Francois"]
[Result "1-0"]
[WhiteElo "1300"]
[BlackElo "669"]
[PlyCount "73"]
[GameId "2160767911217373"]
[EventDate "2004.01.??"]
[EventType "swiss"]
[EventRounds "5"]
[EventCountry "CAN"]
[SourceTitle "EXT 2005"]
[Source "ChessBase"]
[SourceDate "2004.11.15"]
[SourceVersion "1"]
[SourceVersionDate "2004.11.15"]
[SourceQuality "1"]

1. Nf3 c5 2. g3 d5 3. Bg2 Nf6 4. O-O Bf5 5. d3 Nc6 6. Bg5 Qd6 7. Bxf6 Qxf6 8. c3 Rd8 9. Nh4 e6 10. Nxf5 Qxf5 11. e4 Qg6 12. exd5 exd5 13. Qe2+ Be7 14. Nd2 O-O 15. Nf3 Rfe8 16. Rfe1 d4 17. cxd4 cxd4 18. Ne5 Qf6 19. Nxc6 bxc6 20. Rac1 c5 21. Qe5 Kf8 22. Qxf6 Bxf6 23. Rxe8+ Rxe8 24. Rxc5 Re1+ 25. Bf1 Rd1 26. Rc8+ Ke7 27. Rc7+ Kf8 28. Rxa7 Bg5 29. Kg2 Rd2 30. Kf3 Rxb2 31. h4 Bd2 32. a4 Ra2 33. Ke4 Ra1 34. Bh3 Bc3 35. Ke5 g6 36. Kf6 Ke8 37. Ra8# 1-0

[Event "Sherbrooke Perpetuelles 31-35"]
[Site "Sherbrooke CAN"]
[Date "2004.02.13"]
[Round "4"]
[White "Liard, Serge"]
[Black "Duclos, Alain"]
[Result "1-0"]
[WhiteElo "1965"]
[BlackElo "1615"]
[PlyCount "61"]
[GameId "2160767911217374"]
[EventDate "2004.01.??"]
[EventType "swiss"]
[EventRounds "5"]
[EventCountry "CAN"]
[SourceTitle "EXT 2005"]
[Source "ChessBase"]
[SourceDate "2004.11.15"]
[SourceVersion "1"]
[SourceVersionDate "2004.11.15"]
[SourceQuality "1"]

1. e4 c5 2. Nf3 e6 3. c4 Nc6 4. Nc3 d6 5. g3 g6 6. Bg2 Bg7 7. O-O Nge7 8. d3 Nd4 9. Nxd4 cxd4 10. Ne2 O-O 11. h3 d5 12. exd5 exd5 13. c5 Qc7 14. b4 a5 15. Bf4 Qc6 16. Bd6 Re8 17. Qb3 axb4 18. Nf4 Qa4 19. Qxa4 Rxa4 20. Bxe7 Rxe7 21. Nxd5 Re8 22. Rfb1 Ra5 23. Rc1 b3 24. axb3 Rxa1 25. Rxa1 h5 26. Ra8 Kh7 27. Kf1 Bd7 28. Rxe8 Bxe8 29. Nc7 Bc6 30. Bxc6 bxc6 31. Na6 1-0

[Event "Sherbrooke Perpetuelles 31-35"]
[Site "Sherbrooke CAN"]
[Date "2004.02.13"]
[Round "4"]
[White "Viens, Nicolas"]
[Black "Belanger, Jean Sebastien"]
[Result "1-0"]
[WhiteElo "1401"]
[BlackElo "1437"]
[PlyCount "63"]
[GameId "2160767911217377"]
[EventDate "2004.01.??"]
[EventType "swiss"]
[EventRounds "5"]
[EventCountry "CAN"]
[SourceTitle "EXT 2005"]
[Source "ChessBase"]
[SourceDate "2004.11.15"]
[SourceVersion "1"]
[SourceVersionDate "2004.11.15"]
[SourceQuality "1"]

1. Nf3 d5 2. d4 Bg4 3. Ne5 Bh5 4. Nc3 e6 5. Nd3 Nc6 6. Be3 g6 7. Qd2 h6 8. f3 g5 9. O-O-O a6 10. g4 Bg6 11. f4 f6 12. fxg5 hxg5 13. Bg2 Nb4 14. a3 Nxd3+ 15. exd3 Bd6 16. Rde1 c6 17. Bxg5 fxg5 18. Rxe6+ Kd7 19. Qe2 Ne7 20. Re1 Re8 21. Na4 Bf7 22. Rf6 Rf8 23. c4 b5 24. Nc5+ Bxc5 25. dxc5 Ke8 26. Rd6 Qc7 27. Rxc6 Qd7 28. cxd5 Ra7 29. d6 Kd8 30. dxe7+ Qxe7 31. Rd6+ Ke8 32. Bc6+ 1-0

[Event "Sherbrooke Perpetuelles 31-35"]
[Site "Sherbrooke CAN"]
[Date "2004.02.20"]
[Round "5"]
[White "Belanger, Jean Sebastien"]
[Black "Marcoux, Ghislain"]
[Result "0-1"]
[WhiteElo "1437"]
[BlackElo "1006"]
[PlyCount "72"]
[GameId "2160767911217379"]
[EventDate "2004.01.??"]
[EventType "swiss"]
[EventRounds "5"]
[EventCountry "CAN"]
[SourceTitle "EXT 2005"]
[Source "ChessBase"]
[SourceDate "2004.11.15"]
[SourceVersion "1"]
[SourceVersionDate "2004.11.15"]
[SourceQuality "1"]

1. e4 c5 2. f4 e6 3. Nf3 d6 4. Nc3 a6 5. b3 Nc6 6. Bb2 Nf6 7. a3 Be7 8. Bd3 O-O 9. e5 dxe5 10. fxe5 Nd5 11. Bxh7+ Kxh7 12. Ne4 Nf4 13. g3 Ng6 14. Nfg5+ Bxg5 15. Qh5+ Bh6 16. O-O Nd4 17. c3 Nf5 18. g4 Nfh4 19. g5 Nf5 20. d4 b6 21. Bc1 Bb7 22. gxh6 Qh4 23. Ng5+ Kh8 24. Nxf7+ Rxf7 25. Qxg6 Raf8 26. Bg5 Qg4+ 27. Kf2 Nh4+ 28. Qxf7 Rxf7+ 29. Ke3 Qe4+ 30. Kd2 Nf3+ 31. Rxf3 Rxf3 32. hxg7+ Kxg7 33. Rg1 Qd3+ 34. Ke1 Qxc3+ 35. Kd1 Qxd4+ 36. Ke1 Qxg1+ 0-1